|
|
|
|
| LEADER |
02034nam a2200445 4500 |
| 001 |
ocn648302361 |
| 003 |
OCoLC |
| 005 |
20180501121932.0 |
| 006 |
m o d |
| 007 |
cr cn||||||||| |
| 008 |
750720s2003 ne a ob 001 0 eng d |
| 040 |
|
|
|a E7B
|b eng
|e pn
|c E7B
|d OCLCQ
|d UBY
|d OCLCQ
|d OPELS
|d OCLCQ
|d OCLCF
|d OCLCQ
|d DEBBG
|d GrThAP
|
| 019 |
|
|
|a 505135502
|
| 020 |
|
|
|a 0120026546
|q (electronic bk.)
|
| 020 |
|
|
|a 9780120026548
|q (electronic bk.)
|
| 035 |
|
|
|a (OCoLC)648302361
|z (OCoLC)505135502
|
| 050 |
|
4 |
|a QR1
|b .A3852 2003eb
|
| 082 |
0 |
4 |
|a 579
|2 22
|
| 049 |
|
|
|a TEFA
|
| 245 |
0 |
0 |
|a Advances in applied microbiology.
|n Volume 52 /
|c edited by Allen I. Laskin, Joan W. Bennett, Geoffrey M. Gadd.
|
| 246 |
3 |
0 |
|a Applied microbiology
|
| 260 |
|
|
|a Amsterdam :
|b Academic Press,
|c 2003.
|
| 300 |
|
|
|a 1 online resource (ix, 412 pages) :
|b illustrations.
|
| 336 |
|
|
|a text
|b txt
|2 rdacontent
|
| 337 |
|
|
|a computer
|b c
|2 rdamedia
|
| 338 |
|
|
|a online resource
|b cr
|2 rdacarrier
|
| 490 |
0 |
|
|a Advances in applied microbiology ;
|v v. 52
|
| 504 |
|
|
|a Includes bibliographical references and index.
|
| 588 |
0 |
|
|a Print version record.
|
| 520 |
|
|
|a An eclectic volume of topical reviews on all aspects of applied microbiology. It contains 14 comprehensive reviews of current research in applied microbiology. * Discusses soil based gene discovery * Review deticated to microbial phosphate removal and plyphosphate production from wastewaters * Covers acid resistance in E. coli.
|
| 650 |
|
0 |
|a Microbiology.
|
| 650 |
|
0 |
|a Microorganisms
|x Research.
|
| 650 |
|
7 |
|a Microbiology.
|2 fast
|0 (OCoLC)fst01019576
|
| 650 |
|
7 |
|a Microorganisms
|x Research.
|2 fast
|0 (OCoLC)fst01019966
|
| 655 |
|
4 |
|a Electronic books.
|
| 700 |
1 |
|
|a Laskin, Allen I.,
|d 1928-
|
| 700 |
1 |
|
|a Bennett, J. W.
|
| 700 |
1 |
|
|a Gadd, Geoffrey M.
|
| 776 |
0 |
8 |
|i Print version:
|t Advances in applied microbiology. Volume 52.
|d Amsterdam : Academic Press, 2003
|w (DLC) 59013823
|
| 856 |
4 |
0 |
|u https://www.sciencedirect.com/science/bookseries/00652164/52
|z Full Text via HEAL-Link
|